000 00754cam a2200229 4500
001 ABS61539
008 000000n1999 000 0 eng u
035 _a(Sirsi) u101964
100 _aGibson, M.
245 _aDirty business
260 _c1999
490 _aSurveyor
_v 11 November 1999, 12-14(3)
520 _aOutlines the main points of the new draft statutory guidance on contaminated land, and asks whether local authorities will be ready for the introduction of the new regime in April 2000.
590 _aABS
650 _aCONTAMINATED LAND
650 _aDRAFT GUIDANCE
650 _aLOCAL AUTHORITIES
650 _aENVIRONMENT AGENCY
650 _aBROWNFIELD SITES
690 _aENVIRONMENTAL AND LAND CONSULTANCY
942 _n0
999 _c61058
_d61058